000 00665nam a2200241Ia 4500
005 20260430150620.0
008 008 250103s9999 xx 000 0 eng d
037 _aTheses
040 _aCRL
040 _beng
040 _ceng
041 _2eng
041 _aeng
084 _qCRL
100 _aDev Pranjali Au.; Joshi Priti Gu.
_91238010
245 0 _aLiteracy at Home: Parental Practices and Children’s Experiences During Early Childhood Years
260 _c2024
300 _a245p.
650 _aHome Science
700 _aUniversity of Delhi. Faculty of Science. Deptt.of Home Science
_91237716
942 _cTH
999 _c1850217
_d1850217